<?xml version="1.0" encoding="UTF-8"?>
<collection xmlns="http://www.loc.gov/MARC21/slim">
 <record>
  <leader>00745pamaa2200205   4500</leader>
  <controlfield tag="001">0000045660</controlfield>
  <controlfield tag="005">20121206090000.0</controlfield>
  <controlfield tag="008">090704                             eng  </controlfield>
  <datafield tag="020" ind1="0" ind2="0">
   <subfield code="a">9780883853399 / 0883853396 </subfield>
  </datafield>
  <datafield tag="090" ind1="0" ind2="0">
   <subfield code="a">QA43 </subfield>
   <subfield code="b">KEN 2008</subfield>
  </datafield>
  <datafield tag="100" ind1="1" ind2="0">
   <subfield code="a">Kendig </subfield>
  </datafield>
  <datafield tag="245" ind1="1" ind2="0">
   <subfield code="a">Sink or float? : </subfield>
   <subfield code="b">thought problems in math and physics  </subfield>
   <subfield code="c">Keith Kendig.</subfield>
  </datafield>
  <datafield tag="260" ind1="0" ind2="0">
   <subfield code="a">Washington, DC: </subfield>
   <subfield code="b">Mathematical Association of America, </subfield>
   <subfield code="c">2008.</subfield>
  </datafield>
  <datafield tag="300" ind1=" " ind2=" ">
   <subfield code="a">xiii, 375 p.: </subfield>
   <subfield code="b">ill.; </subfield>
   <subfield code="c">26 cm.</subfield>
  </datafield>
  <datafield tag="440" ind1="0" ind2="0">
   <subfield code="a">The Dolciani mathematical expositions ; no. 33</subfield>
  </datafield>
  <datafield tag="501" ind1="0" ind2="0">
   <subfield code="a">FAS</subfield>
  </datafield>
  <datafield tag="504" ind1="0" ind2="0">
   <subfield code="a">Includes bibliographical references (p. 367) and index</subfield>
  </datafield>
  <datafield tag="650" ind1="0" ind2="0">
   <subfield code="a">Mathematics -- </subfield>
   <subfield code="x">Problems, exercises, etc </subfield>
  </datafield>
  <datafield tag="650" ind1="0" ind2="0">
   <subfield code="a">Mathematics -- </subfield>
   <subfield code="x">Study and teaching </subfield>
  </datafield>
  <datafield tag="650" ind1="0" ind2="0">
   <subfield code="a">Problem solving </subfield>
  </datafield>
 </record>
</collection>
